Medzinárodná konferencia Transformácia slovenskej ekonomiky a otázky jej zapojenia do Európskej únie

V dňoch 19.-20.9.2002 zorganizovala Katedra ekonomickej teórie Národohospodárskej fakulty EU v Bratislave medzinárodnú vedeckú konferenciu. Zámerom podujatia bola teoretická analýza a medzinárodná výmena skúseností z transformácie ekonomiky SR a krajín strednej a východnej Európy a perspektívy začle...

ver descrição completa

Na minha lista:
Detalhes bibliográficos
Autor principal: Gonda, Vladimír
Formato: Capítulo de Livro
Idioma:eslovaco
Assuntos:
Tags: Adicionar Tag
Sem tags, seja o primeiro a adicionar uma tag!

MARC

LEADER 00000naa a2200000 4500
001 r048254
005 20230929074537.6
041 0 |a slo 
044 |a SK 
245 1 0 |a Medzinárodná konferencia Transformácia slovenskej ekonomiky a otázky jej zapojenia do Európskej únie  |c Vladimír Gonda 
520 |a V dňoch 19.-20.9.2002 zorganizovala Katedra ekonomickej teórie Národohospodárskej fakulty EU v Bratislave medzinárodnú vedeckú konferenciu. Zámerom podujatia bola teoretická analýza a medzinárodná výmena skúseností z transformácie ekonomiky SR a krajín strednej a východnej Európy a perspektívy začleňovania Slovenska do Európskej únie. 
610 2 0 |a konferencie 
610 2 0 |a transformácia 
610 2 0 |a hospodárstvo národné 
610 2 0 |a Slovensko 
610 2 0 |a SVE 
610 2 0 |a Európska únia 
610 2 0 |a integrácia ekonomická medzinárodná 
610 2 0 |a Národohospodárska fakulta Ekonomickej univerzity v Bratislave 
100 1 |a Gonda, Vladimír